|
|
|
|
| LEADER |
02166nam a22004215i 4500 |
| 001 |
978-1-4302-0292-9 |
| 003 |
DE-He213 |
| 005 |
20151204142018.0 |
| 007 |
cr nn 008mamaa |
| 008 |
100301s2007 xxu| s |||| 0|eng d |
| 020 |
|
|
|a 9781430202929
|9 978-1-4302-0292-9
|
| 024 |
7 |
|
|a 10.1007/978-1-4302-0292-9
|2 doi
|
| 040 |
|
|
|d GrThAP
|
| 050 |
|
4 |
|a QA76.758
|
| 072 |
|
7 |
|a UMZ
|2 bicssc
|
| 072 |
|
7 |
|a UL
|2 bicssc
|
| 072 |
|
7 |
|a COM051230
|2 bisacsh
|
| 082 |
0 |
4 |
|a 005.1
|2 23
|
| 245 |
1 |
0 |
|a Practical JBoss® Seam Projects
|h [electronic resource] /
|c edited by Jim Farley.
|
| 264 |
|
1 |
|a Berkeley, CA :
|b Apress,
|c 2007.
|
| 300 |
|
|
|a XXII, 229 p.
|b online resource.
|
| 336 |
|
|
|a text
|b txt
|2 rdacontent
|
| 337 |
|
|
|a computer
|b c
|2 rdamedia
|
| 338 |
|
|
|a online resource
|b cr
|2 rdacarrier
|
| 347 |
|
|
|a text file
|b PDF
|2 rda
|
| 505 |
0 |
|
|a Introducing Seam -- Seam Configuration and Administration -- Component Fundamentals -- Contexts and Conversations -- Structured Pageflow -- Security -- Business Process Management -- Rich Web Clients.
|
| 520 |
|
|
|a Practical JBoss® Seam Projects, written by renowned author and enterprise Java practitioner Jim Farley, is the first practical projects book of its kind on this groundbreaking open-source lightweight JSF-EJB3 framework. Practical application scenarios are used to demonstrate the nature of the JBoss Seam framework, its efficacy, and its limitations The series of scenarios and cases demonstrate key elements of the framework (e.g., basic web application development, rich web clients with Ajax, and so forth) Real-world case studies offer valuable insight into the new practices of JBoss Seam Web 2.0 development.
|
| 650 |
|
0 |
|a Computer science.
|
| 650 |
|
0 |
|a Software engineering.
|
| 650 |
1 |
4 |
|a Computer Science.
|
| 650 |
2 |
4 |
|a Software Engineering/Programming and Operating Systems.
|
| 700 |
1 |
|
|a Farley, Jim.
|e editor.
|
| 710 |
2 |
|
|a SpringerLink (Online service)
|
| 773 |
0 |
|
|t Springer eBooks
|
| 776 |
0 |
8 |
|i Printed edition:
|z 9781590598634
|
| 856 |
4 |
0 |
|u http://dx.doi.org/10.1007/978-1-4302-0292-9
|z Full Text via HEAL-Link
|
| 912 |
|
|
|a ZDB-2-CWD
|
| 950 |
|
|
|a Professional and Applied Computing (Springer-12059)
|